000 00666nam a2200289Ia 4500
005 20260324112255.0
008 008 260324s9999 xx 000 0 eng d
020 _a9781003489733
037 _aEBOOK
040 _aCRL
040 _beng
040 _cCRL
041 _2eng
041 _aeng
084 _qCRL
100 _aFloyd Rumohr
_91142008
245 0 _aStage It
245 0 _bMaking Shakespeare Come Alive in Schools
260 _bTaylor and Francis
260 _c2024
365 _a
365 _b220
856 _uhttp://www.taylorfrancis.com/books/9781003489733
942 _cEBOOK
999 _c1731156
_d1731156